000 00380nam a2200157Ia 4500
008 151213s9999 xx 000 0 und d
100 _aJohn D. Macdonald
245 _aThe Drowner
_cJohn D. Macdonald
250 _a1st
260 _aLondon
_bPanguing Books
_c1964
300 _a6539 p.
650 _aEnglish
650 _aFiction
700 _aJohn D. Macdonald
999 _c3621
_d3621